Normal view
MARC view
- نمو الطفل-علم النفس
Entry Topical Term
001 - CONTROL NUMBER
- control field: 19449
003 - CONTROL NUMBER IDENTIFIER
- control field: JO-AjAnu
005 - DATE AND TIME OF LATEST TRANSACTION
- control field: 20230606073410.0
008 - FIXED-LENGTH DATA ELEMENTS
- fixed length control field: 230606|| aca||aabn | a|a d
040 ## - CATALOGING SOURCE
- Original cataloging agency: JO-AjAnu
- Transcribing agency: JO-AjAnu
150 ## - HEADING--TOPICAL TERM
- Topical term or geographic name entry element: نمو الطفل-علم النفس
670 ## - SOURCE DATA FOUND
- Source citation: Work cat.: (JO-AjAnu)9988: مزروع،طاهر/ترجمة ، كامل،عبد الوهاب/مراجعة, author 19448, النمو النفسي للطفل وعلم النفس الذي يخصنا